| 000 | 00513cam a2200193 4500 | ||
|---|---|---|---|
| 008 | 000000n1999 000 0 eng u | ||
| 020 | _a186081283X | ||
| 035 | _a(Sirsi) u100414 | ||
| 041 | _aENG | ||
| 050 | _a690 | ||
| 110 | _aBuilding Research Establishment | ||
| 245 | _aCarbon monoxide detectors. | ||
| 260 |
_aWatford _bCRC Ltd _c1999 |
||
| 300 | _a4p. ; 30cm. | ||
| 490 |
_aGood Building Guide _vGBG 30 |
||
| 650 | _aCARBON MONOXIDE | ||
| 690 | _aBUILT ENVIRONMENT-CONSTRUCTION DESIGN | ||
| 942 | _n0 | ||
| 999 |
_c99697 _d99697 |
||